000 00417nam a2200157 4500
001 148377
003 ES-MaACL
005 20230906202605.0
007 t|
008 070214s1919 sp r ||||1| spa d
100 1 _aStegemann, H.
_9108003
245 1 0 _aPrehistoria de la guerra europea /
_cH. Stegemann.
260 _aMadrid :
_bBlass y Cia,
_c1919.
300 _a168 p. ;
_c19 cm.
852 _aES-MaACL
_j1533-F-19
999 _c148377
_d148377